000 00979cam a22001814a 4500
005 20250605163316.0
008 250528s ||||||||||||||||||||||||d
035 _a16570
040 _aGR-AtMCL
_bgre
_dGR-AtMCL
_eAACR2
245 1 _aΤο Σύνταγμα της Ελλάδας / Στη Δημοτική, στην Καθαρεύουσα, με Σχόλια και Παρατηρήσεις
250 _a11η
260 _bΤο Ποντίκι,
_c1992
300 _a308
520 _aΒασικές Διατάξεις, Ατομικά και Κοινωνικά Δικαιώματα, Οργάνωση και Λειτουργίες της Πολιτείας, Πρόεδρος της Δημοκρατίας, Βουλή, Κυβέρνηση, Δικαστική Εξουσία, Διοίκηση, Ειδικές Τελικές και Μεταβατικές Διατάξεις, Το Σύνταγμα της Ελλάδας 1975.
942 _cBK
999 _c2060
_d2060